Normal view MARC view

Entry Topical Term

Number of records used in: 1

001 - CONTROL NUMBER

  • control field: 755273

003 - CONTROL NUMBER IDENTIFIER

  • control field: OSt

005 - DATE AND TIME OF LATEST TRANSACTION

  • control field: 20250507130351.0

008 - FIXED-LENGTH DATA ELEMENTS

  • fixed length control field: 250507|| aca||aabn | a|a d

040 ## - CATALOGING SOURCE

  • Original cataloging agency: OSt
  • Transcribing agency: OSt

150 ## - HEADING--TOPICAL TERM

  • Topical term or geographic name entry element: Fear - social aspects - Japan; Violence - social aspects - Japan; Sex - social aspects - Japan; Japan - social conditions; JEL

670 ## - SOURCE DATA FOUND

  • Source citation: Work cat.: (OSt)1319266: Leheny David Au. 665355, Think Global Fear Local: Sex,Violence,and Anxiety in contemporary Japan, 2006
Copyright @ Delhi University Library System